Statistics for US States - One Minute Sprint

Click here to take the quiz!

General Stats

  • This quiz has been taken 558 times
  • The average score is 22 of 50

Answer Stats

State% Correct
California
81%
Arizona
79%
Florida
75%
Alabama
71%
Alaska
71%
Georgia
66%
Maine
66%
Arkansas
63%
Maryland
63%
Colorado
60%
Idaho
60%
New York
60%
Hawaii
58%
Delaware
53%
Kansas
53%
Texas
49%
Illinois
46%
Indiana
46%
Iowa
46%
Washington
46%
Ohio
44%
Oregon
42%
Kentucky
41%
New Jersey
41%
North Carolina
39%
Virginia
39%
Connecticut
38%
Nevada
38%
South Carolina
38%
Utah
38%
Nebraska
37%
Wyoming
36%
Louisiana
35%
Michigan
35%
New Mexico
35%
North Dakota
35%
Montana
34%
Mississippi
33%
South Dakota
33%
Oklahoma
32%
Minnesota
31%
Missouri
30%
Vermont
30%
New Hampshire
29%
Wisconsin
27%
Pennsylvania
26%
Massachusetts
25%
West Virginia
22%
Tennessee
20%
Rhode Island
18%

Score Distribution

Percentile by Number Answered

Percent of People with Each Score

Your Score History

You have not taken this quiz